00742 2200277 4500001002100000005001500021035002000036007000300056008004100059020002200100082001000122084001400132245011500146250001000261260003500271300003200306650002700338700001100365110002200376990001100398990001100409990001100420990001100431990001100442990001100453INLIS00000000000440620191111111910 a0010-1119000033ta191111 g 0 ind  a978-602-1579-22-0 a641.5 a641.5 SER1 a120 Variasi Menu Sehat & Lezat Untuk Penderita Asam Urat, Flu, Maag, Tipus /cTim Dapur Kanaya; editor, Andien acet.1 aJogjakarta :bLiterindo,c2017 a365 hlm. :bilus. ;c24 cm. 4aMAKANAN. RESEP MASAKAN0 aANDIEN aTIM, Dapur Kanaya a7106 a a7106 b a7106 b a7106 a a7106 a a7106 b